Frankenstein / (Record no. 29655)
[ view plain ]
| 000 -LEADER | |
|---|---|
| fixed length control field | 00947 a2200265 4500 |
| 001 - CONTROL NUMBER | |
| control field | sjds |
| 003 - CONTROL NUMBER IDENTIFIER | |
| control field | sjds |
| 005 - DATE AND TIME OF LATEST TRANSACTION | |
| control field | 20240515202323.0 |
| 008 - FIXED-LENGTH DATA ELEMENTS--GENERAL INFORMATION | |
| fixed length control field | 240515b |||||||| |||| 00| 0 spa d |
| 020 ## - INTERNATIONAL STANDARD BOOK NUMBER | |
| International Standard Book Number | 9789974690349 |
| 020 ## - INTERNATIONAL STANDARD BOOK NUMBER | |
| International Standard Book Number | 997469034X |
| 040 ## - CATALOGING SOURCE | |
| Transcribing agency | sjds |
| 041 ## - LANGUAGE CODE | |
| Language code of text/sound track or separate title | spa |
| 100 ## - MAIN ENTRY--PERSONAL NAME | |
| Personal name | Shelley, Mary W. |
| 245 ## - TITLE STATEMENT | |
| Title | Frankenstein / |
| Statement of responsibility, etc. | Mary W. Shelley (Author), Michael Burgan (Adapter), Dennis Calero (Illustrator), Maria Carolina Berduque (Translator), Juan Cruz de Sabato (Translator) |
| 260 ## - PUBLICATION, DISTRIBUTION, ETC. (IMPRINT) | |
| Place of publication, distribution, etc. | Uruguay : |
| Name of publisher, distributor, etc. | Latinbooks Internacional, |
| Date of publication, distribution, etc. | 2011 |
| 300 ## - PHYSICAL DESCRIPTION | |
| Extent | 63 p. : |
| Other physical details | il. color |
| 440 ## - SERIES STATEMENT/ADDED ENTRY--TITLE | |
| Title | Novela Grafica |
| 520 ## - SUMMARY, ETC. | |
| Summary, etc. | A retelling, in graphic novel form, of Mary Shelley's classic novel of a scientist who brings a monster to life |
| 700 ## - ADDED ENTRY--PERSONAL NAME | |
| Personal name | Burgan, Michael |
| Relator term | Adapter |
| 700 ## - ADDED ENTRY--PERSONAL NAME | |
| Personal name | Calero, Dennis |
| Relator term | illustrator |
| 700 ## - ADDED ENTRY--PERSONAL NAME | |
| Personal name | Berduque, Maria Carolina |
| Relator term | translator |
| 700 ## - ADDED ENTRY--PERSONAL NAME | |
| Personal name | De Sabato, Juan Cruz |
| Relator term | translator |
| 942 ## - ADDED ENTRY ELEMENTS (KOHA) | |
| Koha item type | Libro/Book |
No items available.